000
00217 a2200097 4500
001
42088
100
_a
Twenty,
245
_a
Chambers Technical Dictionary
260
_a
_b
W & R Chambers Ltd
_c
090
_c
26095
_d
26095
942
_a
NUST-CAE
_c
M
_c
17886
999
_c
277161
_d
277161